[Event "Calvia Amateur op 13th"]
[Site "Calvia"]
[Date "2016.10.16"]
[Round "9"]
[White "Martinez Lopez, Jaime"]
[Black "Mitenieks, Matiss"]
[Result "1-0"]
[WhiteElo "2063"]
[BlackElo "1934"]
[PlyCount "47"]
[EventDate "2016.10.08"]
[EventType "swiss"]
[EventRounds "9"]
[EventCountry "ESP"]
[SourceTitle "CBM 175 Extra"]
[Source "ChessBase"]
[SourceDate "2016.12.12"]
[SourceVersion "1"]
[SourceVersionDate "2016.12.12"]
[SourceQuality "1"]

1. d4 d5 2. c4 e6 3. Nc3 c6 4. cxd5 exd5 5. Nf3 f5 6. Bg5 Nf6 7. e3 Be7 8. Bd3 0-0 9. Qc2 Ne4 10. Bxe7 Qxe7 11. 0-0 Nd7 12. Rae1 g5 13. Nd2 Qg7 14. Kh1 Ndf6 15. f3 Nd6 16. e4 fxe4 17. fxe4 dxe4 18. Ndxe4 Ndxe4 19. Nxe4 Nd5 20. Rxf8+ Kxf8 21. Nd6 Qxd4 22. Re8+ Kg7 23. Rxc8 Rxc8 24. Nf5+ 1-0

[Event "Liepajas Rokade op"]
[Site "Liepaja"]
[Date "2014.07.10"]
[Round "1"]
[White "Mitenieks, Matiss"]
[Black "Shirov, Alexei"]
[Result "0-1"]
[WhiteElo "1881"]
[BlackElo "2709"]
[PlyCount "34"]
[EventDate "2014.07.10"]
[EventType "swiss (rapid)"]
[EventRounds "13"]
[EventCountry "LAT"]
[SourceTitle "EXT 2015"]
[Source "ChessBase"]
[SourceDate "2014.11.20"]
[SourceVersion "1"]
[SourceVersionDate "2014.11.20"]
[SourceQuality "1"]

1. d4 Nf6 2. e3 g6 3. Bd3 Bg7 4. f4 d6 5. Nf3 0-0 6. 0-0 Nc6 7. c3 e5 8. fxe5 dxe5 9. Nbd2 Qe7 10. Bc4 Bf5 11. Ng5 exd4 12. e4 Bg4 13. Qe1 dxc3 14. bxc3 Qc5+ 15. Kh1 Qxg5 16. Ba3 Rfe8 17. Nf3 Qh5 0-1